000 00267nam a2200121Ia 4500
005 20251222152037.0
008 251222s9999||||xx |||||||||||||| ||spa||
082 _a353.4/C76
245 0 _aNorma Técnica Peruana
250 _a1ra.ed.
264 _bs.e.
942 _cLIB
999 _c25880
_d25880